| Tag |
First Indicator |
Second Indicator |
Subfields |
| LEADER |
00000cam a2200000 a 4500 |
| 001 |
in00002171521 |
| 006 |
m e d # |
| 007 |
cr mn mmmmabba |
| 008 |
830322s1794 nhuf s 000 0 eng d |
| 005 |
20260330213032.1 |
| 035 |
|
|
|z w036179
|
| 035 |
|
|
|a MAAR8303223604B
|
| 035 |
|
|
|9 mwa91-41842
|
| 035 |
|
|
|a 346738
|
| 035 |
|
|
|a aas03036179
|
| 040 |
|
|
|a MWA
|c MWA
|e bdrb
|d UtOrBLW
|
| 110 |
1 |
|
|a United States.
|b Army.
|
| 245 |
1 |
0 |
|a Regulations for the order and discipline of the troops of the United States :
|b To which is added, an appendix, containing the United States Militia Act, passed in Congress, May, 1792. And the act for forming and regulating the Militia in New-Hampshire. /
|c By Baron de Stuben, late major general and inspector general of the Army of the United States.
|
| 250 |
|
|
|a A new edition, illustrated by eight copperplates, accurately engraved.
|
| 264 |
|
1 |
|a Printed at Exeter [N.H.] :
|b By Henry Ranlet, & sold at his office,
|c MDCCXCIV. [1794]
|
| 300 |
|
|
|a 91 pages, 1 unnumbered page, viii leaves of plates (7 folded) :
|b illustrations ;
|c 18 cm. (duodecimo)
|
| 336 |
|
|
|a text
|b txt
|2 rdacontent
|
| 337 |
|
|
|a computer
|b c
|2 rdamedia
|
| 338 |
|
|
|a online resource
|b cr
|2 rdacarrier
|
| 500 |
|
|
|a Prepared by Friedrich von Steuben in 1779 as inspector general of the Continental Army; adopted nationally by the Uniform Militia Act of 1792.
|
| 500 |
|
|
|a Does not include the New Hampshire militia act called for on the title page.
|
| 500 |
|
|
|a Edition statement transposed; precedes "By Baron de Stuben ..." on title page.
|
| 500 |
|
|
|a Plates engraved by Amos Doolittle.
|
| 510 |
4 |
|
|a Evans
|c 27963
|
| 530 |
|
|
|a Microform version available in the Readex Early American Imprints series.
|
| 533 |
|
|
|a Electronic text and image data.
|b [Chester, Vt. :
|c Readex, a division of Newsbank, Inc.,
|d 2002-2004.
|e Includes files in TIFF, GIF and PDF formats with inclusion of keyword searchable text.
|f (Early American imprints. First series ; no. 27963).
|
| 500 |
|
|
|a Electronic resource.
|
| 610 |
1 |
0 |
|a New Hampshire.
|b Militia.
|
| 610 |
1 |
0 |
|a United States.
|b Army
|v Regulations.
|
| 650 |
|
0 |
|a Military art and science
|v Handbooks, manuals, etc.
|
| 650 |
|
0 |
|a Military law
|z United States.
|
| 700 |
1 |
|
|a Steuben, Friedrich Wilhelm Ludolf Gerhard Augustin,
|c Baron von,
|d 1730-1794.
|
| 700 |
1 |
6 |
|a Doolittle, Amos,
|d 1754-1832,
|e engraver.
|
| 710 |
1 |
2 |
|a United States.
|t Uniform Militia Act.
|
| 752 |
|
|
|a United States
|b New Hampshire
|d Exeter.
|
| 830 |
|
0 |
|a Early American imprints.
|n Series I,
|p Evans (1639-1800) ;
|v no. 27963.
|
| 856 |
4 |
1 |
|u http://proxy.library.tamu.edu/login?url=https://opac.newsbank.com/select/evans/27963
|y Evans Digital Edition
|t 0
|
| 999 |
|
|
|a MARS
|
| 999 |
f |
f |
|s 17a39809-b9ca-31f6-934c-6eca0e8f86e3
|i 2b2f6156-63e6-3982-8994-8e66711f0764
|t 0
|
| 952 |
f |
f |
|a Texas A&M University
|b College Station
|c Electronic Resources
|s www_evans
|d Available Online
|t 0
|h No information provided
|
| 998 |
f |
f |
|t 0
|l Available Online
|